000 00945 a2200265 4500
005 20180312141957.0
008 140311s2002 ck a gr|||| 000 j spa d
020 _a9580464901
040 _aCO-BoUCM
_bspa
_cJose A. Gerena
_dJose A. Gerena
041 0 _aspa
100 1 _aKasza, Keiko
_930157
245 1 3 _aEl más poderoso
_ckeiko Kasza ; traducción de María Candelaria Posada
260 _c2002
_aBogotá (Colombia)
_bNorma
300 _a[30] páginas
_bilustraciones a color
490 _aBuenas noches
650 7 _937295
_aLiteratura infantil japonesa
650 7 _918516
_aLibros ilustrados para niños
650 7 _918524
_aLibros y lectura para niños
650 7 _99115
_aAnimales en la literatura
690 _942867
_aLiteratura oriental
700 1 _aPosada, María Candelaria
_etraductor
_958157
765 1 _tThe mightiest
942 _a18
_cLIBRO
_e1
_mK194m
_2DEWEY
_h895.5
_n0
999 _c240125
_d240125